000 00834nam a2200253Ia 4500
008 191130s2009##################000#0#eng##
020 _a9780195315073
022 _a2008038440
040 _aACL
_cACL
082 _a616.858306 WIN
100 _aWincze, John P
245 _aEnhancing sexuality : a problem-solving approach to treating dysfunction : therapist guide
_cJohn P. Wincze
250 _a2nd ed
260 _aOxford
_bOxford University Press
_c2009
300 _aix, 134 p. : ill. ; 26 cm
500 _aIncludes bibliographical references (p. 129-134)
650 _aSex therapy
650 _aSexual Dysfunction, Physiological - therapy
650 _aSexual Dysfunctions, Psychological - psychology
650 _aSexuality
990 _abee1d91fac10000c12923c5ac66cf664
991 _a231601
999 _c174636
_d174636